2014 FIFA World Cup Capitals Quiz Stats

 Plays Quiz not verified by Sporcle

Challenge
Share
Tweet
Embed
Score 0/32 Timer 05:00
0 Plays Today
Country Capital % Correct
MexicoMexico City
86.8%
EnglandLondon
83%
FranceParis
82.7%
BrazilBrasília
80.5%
SpainMadrid
80.5%
JapanTokyo
80.5%
USAWashington, D.C.
80.5%
ItalyRome
80.2%
GreeceAthens
74.5%
NetherlandsAmsterdam
73%
GermanyBerlin
72.6%
RussiaMoscow
71.4%
AustraliaCanberra
68.2%
ChileSantiago
67.9%
South KoreaSeoul
67.3%
PortugalLisbon
64.5%
Country Capital % Correct
SwitzerlandBern
64.2%
ColombiaBogotá
61.3%
ArgentinaBuenos Aires
61.3%
BelgiumCity of Brussels
60.7%
CroatiaZagreb
60.1%
UruguayMontevideo
58.5%
IranTehran
57.9%
EcuadorQuito
57.5%
AlgeriaAlgiers
54.4%
Costa RicaSan José
54.1%
Bosnia and HerzegovinaSarajevo
51.6%
GhanaAccra
49.4%
CameroonYaoundé
48.7%
NigeriaAbuja
45%
HondurasTegucigalpa
44.3%
Ivory CoastYamoussoukro
39.9%

You're not logged in!

Compare scores with friends on all Sporcle quizzes.
Join for Free
OR
Log In

You Might Also Like...

Show Comments

Extras

Top Quizzes Today


Score Distribution

Your Account Isn't Verified!

In order to create a playlist on Sporcle, you need to verify the email address you used during registration. Go to your Sporcle Settings to finish the process.

Report this User

Report this user for behavior that violates our Community Guidelines.

Details: